Producción agropecuaria, empleo, ingreso y migración. Vertiente Atlántica Sarapiquí, Limón, Pococí, Siquirres, Talamanca y Guácimo /

Shranjeno v:
Bibliografske podrobnosti
Autores Corporativos: Instituto de Fomento y Asesoría Municipal [Costa Rica], Acción Internacional Técnica, División de Acción Internacional
Format: Texto
Izdano: San José : IFAM. AITEC
Oznake: Označite
Brez oznak, prvi označite!

MARC

LEADER 00000 a a2200000 04500
001 17000
003
040
090 |a 0001 I59  
110 |a Instituto de Fomento y Asesoría Municipal [Costa Rica]  
245 |a Producción agropecuaria, empleo, ingreso y migración. Vertiente Atlántica Sarapiquí, Limón, Pococí, Siquirres, Talamanca y Guácimo /  |c Instituto de Fomento y Asesoría Municipal [Costa Rica]  
260 |a San José :   |b IFAM. AITEC  
300 |a 20 páginas  
710 |a Acción Internacional Técnica, División de Acción Internacional  
999 |c 1452  |d 1452